| 000 | 00460nam a2200193Ia 4500 | ||
|---|---|---|---|
| 003 | GCL | ||
| 008 | 140319s9999 xx 000 0 aRus d | ||
| 040 |
_aGCL / _cGCL |
||
| 082 | 0 | 4 |
_a863 _bM A |
| 100 | 1 | _aMAGRINYA, LUIS | |
| 245 | 1 | 0 |
_aLOS AEREOS / _cMAGRINYA, LUIS |
| 260 |
_a[S.N] : _bDEBATE ، _c1993 |
||
| 300 | _a195 | ||
| 650 | 0 | 4 | _aLITERATURE |
| 650 | 0 | 4 | _aFICTION |
| 650 | 0 | 4 | _aSPANISH LITERATURE |
| 650 | 0 | 4 | _aSPANISH FICTION |
| 942 |
_2ddc _cBK |
||
| 999 |
_c12844 _d12844 |
||